000 00983cad a22002055a 4500
001 L150615
008 100803s2010 xxk f 000 0 eng d
035 _a(Sirsi) u150615
041 0 _aeng
050 0 4 _a333.3320901 $2 18
110 2 _aInternational Valuation Standards Council
_95828
245 0 0 _aExposure draft
_bproposed code of ethics for professional valuers July 2010
_h[electronic resource]
260 _aLondon
_bIVSC
_c2010
520 _aPublished by the International Valuation Professional Board, this exposure draft of a proposed code of ethics for professional valuers prescribes fundamental ethical principles and rules of conduct which valuers should comply with. Comments are to be received by 30 September 2010.
590 _aKA NTK
651 4 _aInternational
690 _aPROPERTY-PROPERTY APPRAISAL AND VALUATION
856 4 8 _uhttps://www.ivsc.org/pubs/exp_drafts/1007_code_of_ethics.pdf
_zView the document free of charge at www.ivsc.org
942 _n0
999 _c110924
_d110924